| 000 | 00470nam a22001697a 4500 | ||
|---|---|---|---|
| 005 | 20251108164728.0 | ||
| 008 | 250721s1990 xx 000 0 ara d | ||
| 082 | 1 | 4 | _a808/إسم |
| 100 | 1 | _aالصيفي، إسماعيل | |
| 245 | 1 | 0 | _aفن التلخيص / |
| 264 | 1 |
_aالإسكندرية : _bدار المعرفة الجامعية، _c1990. |
|
| 300 | _a76ص | ||
| 650 | 1 | 7 | _aالإستخلاص |
| 650 | 1 | 7 | _aالكتابة |
| 942 |
_2ddc _cBK |
||
| 999 |
_c12914 _d12914 |
||